| 000 | 00789cam a22002653a 4500 | ||
|---|---|---|---|
| 001 | 13560 | ||
| 003 | PGUSA | ||
| 005 | 20140828083306.0 | ||
| 008 | 040930s2004||||xxu|||||s|||||000 p eng d | ||
| 040 |
_aPGUSA _beng |
||
| 042 | _adc | ||
| 050 | 4 | _aPS | |
| 100 | 1 |
_aParker, Lester Shepard, _d1860-1925 |
|
| 245 | 1 | 0 |
_aNancy MacIntyre : _bA Tale of the Prairies _h[electronic resource] / _cLester Shepard Parker |
| 260 |
_bProject Gutenberg, _c2004 |
||
| 506 | _aPublic domain in the USA. | ||
| 516 | _aElectronic text | ||
| 653 | _aNovels in verse | ||
| 653 | _aFrontier and pioneer life -- Kansas -- Fiction | ||
| 653 | _aPoetry | ||
| 700 | 1 |
_aGallagher, Sears, _d1869-1955 |
|
| 830 | 0 |
_aProject Gutenberg _v13560 |
|
| 856 | 4 | 0 | _uhttp://www.gutenberg.org/ebooks/13560 |
| 942 | _cEB | ||
| 999 |
_c242815 _d242815 |
||